000 00491nam a2200181 i 4500
001 147062
003 ES-MaACL
005 20230906201803.0
007 t|
008 070921s1952 sp ||||1| spa d
080 _a621.396.62.00.272
100 1 _aDarkness, R. J.
_942731
245 1 0 _aMontajes profesionales /
_cR. de Darkness [seud.].
250 _a1ยช ed.
260 _aBarcelona :
_bBruguera,
_c1952.
300 _a224 p. :
_bil. ;
_c20 cm.
852 _aES-MaACL
_jD-9175
_bR.33301
999 _c147062
_d147062